Текст томруулах:    
Leadership in organizations (Бичлэгийн дугаар. 146077)
000 -УДИРДЛАГА
Удирдлага 01626nam a22004577a 4500
003 - ХЯНАЛТЫН ТОО ТОДОРХОЙЛОГЧ
Код MN-UlNUM
005 - БИЧИЛТ ХИЙСЭН ОГНОО
Тухайн бичилтийг бичсэн засварласан сүүлийн огноо 20260103211012.0
008 - ЕРӨНХИЙ МЭДЭЭЛЭЛ
Ерөнхий мэдээлэл 130205s2010 njua b 001 0 eng
020 ## - ISBN
ISBN 9780138157142
-- 0138157146
040 ## - БИЧЛЭГ ҮҮСГЭГЧ БАЙГУУЛЛАГА
Бичлэг үүсгэгч номын сангийн код МУИС-ийн номын сан
084 ## - ББК АНГИЛАЛ
Нэмэлт тусгалт Сурах бичиг
ББК ангилал 60.56
Зохиогчийн гурван тэмдэгт Y 91
Мэдлэгийн ялгаа 6 - Нийгэм
100 1# - ЗОХИОГЧ
Зохиогчийн нэр Yukl, Gary A.
Зохиогчийн огноо 1940-
245 10 - ҮНДСЭН ГАРЧИГ
Номын нэр Leadership in organizations
Оролцогчдын тухай мэдээ Gary Yukl
250 ## - ДАХИН ХЭВЛЭЛТ
Дахин гаралтын дугаар 7th ed.
260 ## - ГАРАЛТЫН МЭДЭЭ
Хэвлэгдсэн газар Upper Saddle River, N.J.
Хэвлэлийн газар Prentice Hall
Хэвлэгдсэн он 2010
300 ## - МАТЕРИАЛЫН ТОДОРХОЙЛОЛТ
хуудасны тоо 644 p.
Бусад тоон мэдээлэл ill.
Хэмжээ 25 cm
500 ## - Тайлбар
Дансны дугаар БС 5997
546 ## - ХЭЛНИЙ ТУХАЙ МЭДЭЭ
Хэл Англи хэл дээр,
653 ## - Түлхүүр үг
Түлхүүр үг leadership
653 ## - Түлхүүр үг
Түлхүүр үг decision making
653 ## - Түлхүүр үг
Түлхүүр үг organization
740 ## - НОМЫН ГАРЧИГ
Гарчиг Introduction: The Nature of Leadership
740 ## - НОМЫН ГАРЧИГ
Гарчиг Managerial Traits and Skills
740 ## - НОМЫН ГАРЧИГ
Гарчиг The Nature of Managerial Work
740 ## - НОМЫН ГАРЧИГ
Гарчиг Perspectives on Effective Leadership Behavior
740 ## - НОМЫН ГАРЧИГ
Гарчиг Participative Leadership, Delegation, and Empowerment
740 ## - НОМЫН ГАРЧИГ
Гарчиг Early Contingency Theories of Effective Leadership
740 ## - НОМЫН ГАРЧИГ
Гарчиг Power and Influence
740 ## - НОМЫН ГАРЧИГ
Гарчиг Dyadic Relations, Attributions, and Followership
740 ## - НОМЫН ГАРЧИГ
Гарчиг Charismatic and Transformational Leadership
740 ## - НОМЫН ГАРЧИГ
Гарчиг Leading Change in Organizations
740 ## - НОМЫН ГАРЧИГ
Гарчиг Ethical, Servant, Spiritual, and Authentic Leadership
740 ## - НОМЫН ГАРЧИГ
Гарчиг Leadership in Teams and Decision Groups
740 ## - НОМЫН ГАРЧИГ
Гарчиг Strategic Leadership by Executives
740 ## - НОМЫН ГАРЧИГ
Гарчиг Developing Leadership Skills
740 ## - НОМЫН ГАРЧИГ
Гарчиг Gender, Diversity, and Cross-cultural Leadership
740 ## - НОМЫН ГАРЧИГ
Гарчиг Overview and Integration
942 ## - ЭЛЕМЕНТИЙН ТӨРӨЛ
Зүйлийн төрөл Ном